[Event "2012(Zaozhuang-China) Asian Nations Chess Cup"]
[Site "ZaoZhuang, China"]
[Date "2012.05.26"]
[Round "9"]
[Board "4"]
[White "Hoang, Thi Nhu Y"]
[Black "Dewi, A.A Citra"]
[Result "1/2-1/2"]
[WhiteElo "2238"]
[BlackElo "2112"]
[PlyCount "0"]
[EventDate "2012.05.17"]
[EventType "team"]
[EventRounds "9"]
[EventCountry "CHN"]
[WhiteTeam "Vietnam"]
[BlackTeam "Indonesia"]

1. d4 Nf6 2. c4 c5 3. e3 e6 4. Nf3 d6 5. Nc3 Be7 6. a3 O-O 7. Be2 b6 8. O-O Bb7
9. b4 Nbd7 10. Qb3 Rb8 11. Rd1 a6 12. Bb2 Qc7 13. Rac1 Rbc8 14. Ne1 Qb8 15. Na4
b5 16. Nc3 bxc4 17. Bxc4 d5 18. Be2 c4 19. Qa2 Bc6 20. Nc2 Ne8 21. e4 Nb6 22.
exd5 exd5 23. Bf3 Bd6 24. g3 f5 25. Kg2 f4 26. a4 Nf6 27. b5 axb5 28. axb5 Bd7
29. Ne1 Rce8 30. Ba3 fxg3 31. fxg3 Bg4 32. Rd2 Rxe1 33. Bxg4 Re3 34. Bxd6 Qxd6
35. Bf3 Qd7 36. Rf2 Ra8 37. Qd2 Rae8 38. Re2 Rxe2+ 39. Bxe2 Ne4 40. Nxe4 Rxe4
41. Bf3 Re8 42. Qa5 Qd6 43. Rc2 Ra8 44. Qe1 Nd7 45. Re2 Nf6 46. b6 Kf7 47. b7
Rb8 48. Rb2 Qc6 49. Qb4 c3 50. Rc2 Rxb7 51. Qxc3 Qxc3 52. Rxc3 Rb2+ 53. Kg1 Rd2
54. Rc7+ Kg6 55. Re7 Rxd4 56. Kf2 Rd2+ 57. Be2 Ra2 58. Ke3 h5 59. h3 Ra8 60.
Bd3+ Kh6 61. Kf4 Ra4+ 62. Ke3 Ra1 63. Rf7 Re1+ 64. Kf2 Re5 65. Rf8 Re8 66. Rxe8
Nxe8 67. Ke3 Kg5 68. Kd4 Nf6 69. Ke5 h4 70. gxh4+ Kxh4 71. Kf5 Kxh3 72. Kg6 Ne8
73. Bb5 Nd6 74. Bf1+ Kg3 75. Kxg7 Nc4 76. Kf6 Kf2 77. Ke6 Nb6 78. Bb5 Ke3 79.
Kd6 d4 80. Kc6 Nc8 81. Kd7 Na7 82. Ba6 1/2-1/2

[Event "2012(Zaozhuang-China) Asian Nations Chess Cup"]
[Site "ZaoZhuang, China"]
[Date "2012.05.26"]
[Round "9"]
[Board "1"]
[White "Pourkashiyan, Atousa"]
[Black "Khasanova, Flyura"]
[Result "1-0"]
[WhiteElo "2336"]
[BlackElo "2318"]
[PlyCount "0"]
[EventDate "2012.05.17"]
[EventType "team"]
[EventRounds "9"]
[EventCountry "CHN"]
[WhiteTeam "Iran"]
[BlackTeam "Kazakhstan"]

1. e4 c5 2. Nf3 e6 3. Nc3 a6 4. Be2 d6 5. d4 cxd4 6. Nxd4 b5 7. O-O Bb7 8. Re1
Nd7 9. f4 Rc8 10. Bf3 Qc7 11. a3 Ngf6 12. Kh1 Nb6 13. e5 Bxf3 14. Qxf3 dxe5 15.
fxe5 Nfd5 16. Nxd5 Nxd5 17. Qg4 g6 18. Bg5 Qd7 19. Bf6 Nxf6 20. exf6 h5 21. Qe4
Bd6 22. Nxe6 fxe6 23. Qxg6+ Kd8 24. f7 e5 25. Rad1 Kc7 26. h3 h4 27. Rf1 Qe7
28. Rf6 Rhd8 29. f8=Q Rxf8 30. Rfxd6 Rb8 31. Rc6+ Kb7 32. Rb6+ Kc8 33. Qc6+ Qc7
34. Qe6+ 1-0

[Event "2012(Zaozhuang-China) Asian Nations Chess Cup"]
[Site "ZaoZhuang, China"]
[Date "2012.05.26"]
[Round "9"]
[Board "2"]
[White "Dauletova, Gulmira"]
[Black "Khademalsharieh, Sarasadat"]
[Result "0-1"]
[WhiteElo "2278"]
[BlackElo "2284"]
[PlyCount "0"]
[EventDate "2012.05.17"]
[EventType "team"]
[EventRounds "9"]
[EventCountry "CHN"]
[WhiteTeam "Kazakhstan"]
[BlackTeam "Iran"]

1. e4 e5 2. Nf3 Nc6 3. Bb5 a6 4. Ba4 Nf6 5. O-O b5 6. Bb3 Bc5 7. a4 Bb7 8. d3
d6 9. axb5 axb5 10. Rxa8 Bxa8 11. Nc3 b4 12. Nd5 Nxd5 13. Bxd5 O-O 14. Bg5 Qd7
15. c3 h6 16. Be3 Bxe3 17. fxe3 bxc3 18. bxc3 Ne7 19. Bc4 d5 20. exd5 Bxd5 21.
Qb3 Qd6 22. d4 e4 23. Ne5 Bxc4 24. Qxc4 Nd5 25. Qb3 Qe6 26. c4 Ne7 27. Qb5 Nf5
28. Re1 Ra8 29. Qb7 Ra3 30. Qb8+ Kh7 31. Qxc7 Rxe3 32. Rxe3 Nxe3 33. Kf2 Nc2
34. Qxf7 e3+ 35. Ke2 Nxd4+ 36. Kxe3 Qxe5+ 37. Kd3 Ne6 38. Kd2 Qd4+ 39. Ke1 Qxc4
40. Qf5+ Kg8 41. Qe5 Nf4 42. Qb8+ Kh7 43. Qb1+ Qd3 44. Qa2 Qe3+ 45. Kf1 Nd3 46.
g3 Qc1+ 47. Ke2 Qb2+ 48. Qxb2 Nxb2 49. Ke3 Kg6 50. Kf4 Kf6 51. h4 Nd3+ 52. Kg4
g6 53. Kf3 Kf5 54. g4+ Ke5 55. Ke3 Nb4 56. Kf3 Nd5 57. h5 g5 0-1

[Event "2012(Zaozhuang-China) Asian Nations Chess Cup"]
[Site "ZaoZhuang, China"]
[Date "2012.05.26"]
[Round "9"]
[Board "3"]
[White "Ghader Pour, Shayesteh"]
[Black "Davletbayeva, Madina"]
[Result "1/2-1/2"]
[WhiteElo "2241"]
[BlackElo "2183"]
[PlyCount "0"]
[EventDate "2012.05.17"]
[EventType "team"]
[EventRounds "9"]
[EventCountry "CHN"]
[WhiteTeam "Iran"]
[BlackTeam "Kazakhstan"]

1. e4 Nf6 2. e5 Nd5 3. d4 d6 4. c4 Nb6 5. exd6 cxd6 6. Nc3 g6 7. Be3 Bg7 8. Rc1
O-O 9. b3 Nc6 10. d5 Ne5 11. Be2 a5 12. f4 Ned7 13. Nf3 Nc5 14. O-O Bg4 15. h3
Bxf3 16. Bxf3 a4 17. Re1 axb3 18. axb3 Na6 19. Bd4 Bxd4+ 20. Qxd4 Nd7 21. Re3
Re8 22. Rce1 Ndc5 23. Nb5 Nc7 24. Nxc7 Qxc7 25. f5 Qd7 26. fxg6 hxg6 27. h4 e5
28. dxe6 Rxe6 29. Rxe6 Nxe6 30. Qf6 Re8 31. Bd5 Qe7 32. Qf2 Qc7 33. Kh2 Qd7 34.
Qg3 Ng7 35. Rf1 Ne6 36. h5 Kg7 37. hxg6 f6 38. Qf2 Rf8 39. Be4 Qc7 40. Bf5 Nc5
41. b4 Na6 42. b5 Nc5 43. Qf4 Qe7 44. Rd1 Rd8 45. Rd5 Rh8+ 46. Bh3 Ne4 47. c5
Nxc5 48. Rxd6 Ne4 49. Rd3 Ng5 50. Qf5 Qc7+ 51. Kg1 Qc1+ 52. Kf2 Qc2+ 53. Kg3
Qc7+ 54. Kf2 Qc2+ 55. Kg1 Qc1+ 56. Qf1 Nxh3+ 57. Rxh3 Qc5+ 58. Qf2 Qc1+ 59. Kh2
Qc7+ 60. Qg3 Rxh3+ 61. gxh3 Qc2+ 62. Qg2 Qc7+ 63. Kh1 Qc1+ 64. Qg1 Qc3 65. Qg4
Qc1+ 66. Qg1 Qc3 67. Qf1 Qe5 68. Qd3 b6 69. Kg2 Qg5+ 70. Kf3 Qh5+ 71. Kf2 Qc5+
72. Ke2 Qe5+ 73. Kd1 Qa1+ 74. Kc2 Qa2+ 75. Kc3 Qa3+ 76. Kc4 Qc5+ 77. Kb3 Qg1
78. Qf5 Qd4 79. Qh5 Qd3+ 80. Kb2 Qd2+ 81. Kb1 Qb4+ 82. Kc2 Qc4+ 83. Kd2 Qd4+
84. Ke2 Qe4+ 85. Kf2 Qf4+ 86. Qf3 Qd2+ 87. Qe2 Qf4+ 88. Kg2 Qg5+ 1/2-1/2

[Event "2012(Zaozhuang-China) Asian Nations Chess Cup"]
[Site "ZaoZhuang, China"]
[Date "2012.05.26"]
[Round "9"]
[Board "4"]
[White "Saduakassova, Dinara"]
[Black "Hejazipour, Mitra"]
[Result "1/2-1/2"]
[WhiteElo "2219"]
[BlackElo "2223"]
[PlyCount "0"]
[EventDate "2012.05.17"]
[EventType "team"]
[EventRounds "9"]
[EventCountry "CHN"]
[WhiteTeam "Kazakhstan"]
[BlackTeam "Iran"]

1. e4 c5 2. Nf3 e6 3. d4 cxd4 4. Nxd4 a6 5. Be2 Nf6 6. Nc3 Qc7 7. O-O Nc6 8.
Kh1 Bb4 9. Qd3 d6 10. f4 O-O 11. Bd2 Nxd4 12. Qxd4 Bc5 13. Qd3 b5 14. Bf3 Bb7
15. Be1 d5 16. exd5 Rad8 17. Bh4 Qxf4 18. g3 Qh6 19. Rad1 exd5 20. Bxf6 Qxf6
21. Bxd5 Bxd5+ 22. Nxd5 Qxb2 23. Rf5 h6 24. Rh5 Rfe8 25. Rf1 Qd4 26. Qxd4 Bxd4
27. Nc7 Re2 28. Nxa6 Be3 29. Nc7 g6 30. Rd5 Rc8 31. Rd7 f5 32. Rfd1 Rxc2 33.
Nd5 Bg5 34. h4 Rc1 35. Rxc1 Rxc1+ 36. Kg2 Rc2+ 1/2-1/2

[Event "2012(Zaozhuang-China) Asian Nations Chess Cup"]
[Site "ZaoZhuang, China"]
[Date "2012.05.26"]
[Round "9"]
[Board "1"]
[White "Khegay, Anjela"]
[Black "Tan, Zhongyi"]
[Result "0-1"]
[WhiteElo "2184"]
[BlackElo "2430"]
[PlyCount "0"]
[EventDate "2012.05.17"]
[EventType "team"]
[EventRounds "9"]
[EventCountry "CHN"]
[WhiteTeam "Singapore"]
[BlackTeam "China 2"]

1. d4 d5 2. Nf3 Nf6 3. c4 e6 4. Nc3 Bb4 5. g3 O-O 6. Bg2 c5 7. O-O cxd4 8. Nxd4
e5 9. Nc2 Bxc3 10. bxc3 dxc4 11. Ba3 Re8 12. Qxd8 Rxd8 13. Rfd1 Re8 14. Ne3 e4
15. Nxc4 Nc6 16. Rab1 b6 17. Nd6 Re5 18. f4 exf3 19. Bxf3 Bd7 20. Nc4 Re6 21.
Rb2 Rc8 22. Nd6 Rb8 23. Rbd2 Ne5 24. Bg2 Ba4 25. Rf1 h5 26. Rf4 Bc6 27. Bh3
Nfg4 28. Nf5 Rbe8 29. Nd4 Nc4 30. Nxe6 Nxd2 31. Nd4 Bd7 32. Nf5 Bxf5 33. Rxf5
Rxe2 34. Bxg4 hxg4 35. Bd6 Nf3+ 36. Kf1 Rxa2 37. Bc7 Nxh2+ 38. Ke1 Nf3+ 39. Kd1
Ra4 40. Kc2 Rc4 41. Be5 Rc5 0-1

[Event "2012(Zaozhuang-China) Asian Nations Chess Cup"]
[Site "ZaoZhuang, China"]
[Date "2012.05.26"]
[Round "9"]
[Board "2"]
[White "Wang, Yu A"]
[Black "Liu, Yang Hazel"]
[Result "1-0"]
[WhiteElo "2375"]
[BlackElo "2096"]
[PlyCount "0"]
[EventDate "2012.05.17"]
[EventType "team"]
[EventRounds "9"]
[EventCountry "CHN"]
[WhiteTeam "China 2"]
[BlackTeam "Singapore"]

1. e4 c5 2. Nf3 Nc6 3. Nc3 e5 4. Bc4 Be7 5. d3 Nf6 6. Ng5 O-O 7. f4 exf4 8.
Bxf4 d6 9. O-O Bg4 10. Qd2 Bh5 11. a3 Nd7 12. Nd5 Nde5 13. Ba2 Nd4 14. Kh1 h6
15. Nh3 Ne6 16. Be3 Bh4 17. Nhf4 Nxf4 18. Nxf4 Bg4 19. c3 Rc8 20. Bd5 Rc7 21.
b4 b6 22. bxc5 bxc5 23. a4 Kh7 24. a5 Bd7 25. a6 Bb5 26. Rfb1 Qe8 27. Bb7 f6
28. c4 Bc6 29. Nd5 Rcf7 30. Bxc6 Qxc6 31. Qc2 Ng4 32. Bg1 Ne5 33. g3 Bg5 34. h4
Rh8 35. hxg5 hxg5 36. Kg2 Qc8 37. Bf2 Kg6 38. Rh1 Rxh1 39. Rxh1 Qxa6 40. Qe2
1-0

[Event "2012(Zaozhuang-China) Asian Nations Chess Cup"]
[Site "ZaoZhuang, China"]
[Date "2012.05.26"]
[Round "9"]
[Board "3"]
[White "Tay, Li Jin Jeslin"]
[Black "Wang, Jue"]
[Result "0-1"]
[WhiteElo "2080"]
[BlackElo "2364"]
[PlyCount "0"]
[EventDate "2012.05.17"]
[EventType "team"]
[EventRounds "9"]
[EventCountry "CHN"]
[WhiteTeam "Singapore"]
[BlackTeam "China 2"]

1. d4 d5 2. c4 Nc6 3. e3 e5 4. dxe5 Bf5 5. Nf3 dxc4 6. Nd4 Bxb1 7. Rxb1 Bb4+ 8.
Bd2 Bxd2+ 9. Qxd2 Nxe5 10. f4 Ng4 11. Bxc4 N8f6 12. O-O O-O 13. h3 c5 14. hxg4
cxd4 15. Qxd4 Qe7 16. f5 Rad8 17. Qf4 Ne4 18. Rbc1 h6 19. Bb3 Rd6 20. Rfd1 Nd2
21. e4 Rfd8 22. Re1 Nxb3 23. axb3 Qh4 24. e5 Rd4 25. Qf3 Rd3 26. Re3 Rxe3 27.
Qxe3 Qxg4 28. e6 Qxf5 29. e7 Re8 30. Rd1 Qe6 31. Qxe6 fxe6 32. Rd7 Kf7 33. Rxb7
Rxe7 34. Rb4 Rd7 35. Kh2 Rd3 36. Rf4+ Ke7 37. Rg4 g5 38. Ra4 Rxb3 39. Rxa7+ Kf6
40. Rh7 Kg6 41. Re7 Kf5 42. Rf7+ Kg6 43. Re7 Rb6 44. Re8 Kf7 45. Rh8 Kg7 46.
Re8 h5 47. Kg3 Rb3+ 48. Kh2 Kf7 49. Rh8 h4 50. Rh6 Rxb2 51. Kh3 Rb3+ 52. Kh2
Rb8 53. Rh7+ Kf6 54. Ra7 Rb2 55. Kh3 e5 56. Ra8 Rb3+ 57. Kh2 Kf5 58. Kg1 Kf4
59. Kh2 Rb2 0-1

[Event "2012(Zaozhuang-China) Asian Nations Chess Cup"]
[Site "ZaoZhuang, China"]
[Date "2012.05.26"]
[Round "9"]
[Board "4"]
[White "Guo, Qi"]
[Black "Chan, Wei Yi Victoria"]
[Result "1-0"]
[WhiteElo "2360"]
[BlackElo "1947"]
[PlyCount "0"]
[EventDate "2012.05.17"]
[EventType "team"]
[EventRounds "9"]
[EventCountry "CHN"]
[WhiteTeam "China 2"]
[BlackTeam "Singapore"]

1. d4 Nf6 2. c4 g6 3. f3 d5 4. cxd5 Nxd5 5. e4 Nb6 6. Nc3 Bg7 7. Be3 Nc6 8. Bb5
Bd7 9. Nge2 a6 10. Bxc6 Bxc6 11. d5 Bd7 12. Bd4 O-O 13. Bxg7 Kxg7 14. Qd4+ Kg8
15. h4 Re8 16. O-O-O e5 17. Qf2 Nc4 18. g3 b5 19. h5 b4 20. Nb1 Qe7 21. Nd2 b3
22. Nxb3 Ba4 23. Kb1 Bxb3 24. axb3 Na5 25. Nc1 Rab8 26. Rd3 Rb5 27. Qc2 Reb8
28. Rc3 R8b7 29. hxg6 fxg6 30. f4 exf4 31. gxf4 Rb4 32. Re1 Qd6 33. f5 Qb6 34.
fxg6 hxg6 35. e5 Kg7 36. e6 Qb5 37. Rxc7+ Rxc7 38. Qxc7+ Kf6 39. Qe5+ Ke7 40.
d6+ Kd8 41. e7+ Kc8 42. e8=Q+ Qxe8 43. Qxe8+ Kb7 44. Re7+ Kb6 45. d7 Nc6 46.
Re6 Rd4 47. Rxc6+ Kxc6 48. d8=Q+ Kc5 49. Qc7+ Kb4 50. Qb6+ 1-0

[Event "2012(Zaozhuang-China) Asian Nations Chess Cup"]
[Site "ZaoZhuang, China"]
[Date "2012.05.26"]
[Round "9"]
[Board "1"]
[White "Harika, Dronavalli"]
[Black "Zhai, Mo"]
[Result "1-0"]
[WhiteElo "2508"]
[BlackElo "2248"]
[PlyCount "0"]
[EventDate "2012.05.17"]
[EventType "team"]
[EventRounds "9"]
[EventCountry "CHN"]
[WhiteTeam "India"]
[BlackTeam "China 3"]

1. d4 Nf6 2. c4 e6 3. Nc3 Bb4 4. Qc2 O-O 5. e4 d6 6. a3 Bxc3+ 7. bxc3 e5 8. Bd3
Qe8 9. Ne2 b6 10. O-O Nc6 11. f4 Nd7 12. Be3 f5 13. Ng3 Nf6 14. Rae1 Ng4 15.
exf5 Qd8 16. f6 Nxf6 17. fxe5 dxe5 18. d5 Na5 19. Bg5 h6 20. Bxf6 Rxf6 21. Rxe5
Ba6 22. Qe2 Qd6 23. Rxf6 Qxf6 24. Re8+ 1-0

[Event "2012(Zaozhuang-China) Asian Nations Chess Cup"]
[Site "ZaoZhuang, China"]
[Date "2012.05.26"]
[Round "9"]
[Board "2"]
[White "Ni, Shiqun"]
[Black "Tania, Sachdev"]
[Result "1/2-1/2"]
[WhiteElo "2157"]
[BlackElo "2417"]
[PlyCount "0"]
[EventDate "2012.05.17"]
[EventType "team"]
[EventRounds "9"]
[EventCountry "CHN"]
[WhiteTeam "China 3"]
[BlackTeam "India"]

1. e4 c5 2. Nf3 e6 3. c4 Nc6 4. Nc3 a6 5. d4 cxd4 6. Nxd4 Qc7 7. Be3 Nf6 8. a3
d6 9. Be2 Be7 10. O-O O-O 11. Rc1 Nxd4 12. Qxd4 Nd7 13. b4 b6 14. Rfd1 Bb7 15.
f4 Rfd8 16. Bf3 Qb8 17. Qd3 Bc6 18. Ne2 Ra7 19. Nd4 Ba8 20. Nb3 Rc7 21. Rc2 Bb7
22. Bf2 Bc6 23. Rdc1 Ba4 24. Be2 Rdc8 25. Qg3 b5 26. Bd4 e5 27. Bb2 Qb7 28.
fxe5 dxe5 29. c5 Qxe4 30. Kh1 Qf4 31. Rc3 Bf6 32. Rf1 Qxg3 33. Rxg3 Bxb3 34.
Rxb3 e4 35. Bc1 Be5 36. Rd1 f5 37. g3 Nb8 38. Be3 Nc6 39. Rbb1 Rd8 40. Rxd8+
Nxd8 41. a4 Rb7 42. axb5 axb5 43. Rb3 Nc6 44. Ra3 Nxb4 45. Rb3 Nc2 46. Bc4+
bxc4 47. Rxb7 Nxe3 48. c6 c3 49. c7 Bxc7 50. Rxc7 c2 51. h4 h6 52. h5 Nd5 53.
Rxc2 Nf6 54. Rh2 Kf7 55. Kg1 Ke6 56. Kf1 Ng4 57. Ra2 Nf6 58. Rh2 Ke5 59. Ke2 f4
1/2-1/2

[Event "2012(Zaozhuang-China) Asian Nations Chess Cup"]
[Site "ZaoZhuang, China"]
[Date "2012.05.26"]
[Round "9"]
[Board "3"]
[White "Gomes, Mary Ann"]
[Black "Lei, Tingjie"]
[Result "1/2-1/2"]
[WhiteElo "2378"]
[BlackElo "2154"]
[PlyCount "0"]
[EventDate "2012.05.17"]
[EventType "team"]
[EventRounds "9"]
[EventCountry "CHN"]
[WhiteTeam "India"]
[BlackTeam "China 3"]

1. Nf3 c5 2. c4 Nc6 3. g3 g6 4. Bg2 Bg7 5. Nc3 e6 6. O-O Nge7 7. d3 O-O 8. a3
d5 9. cxd5 exd5 10. Bd2 Bg4 11. Rb1 Rc8 12. h3 Bf5 13. Na4 b6 14. Re1 Qd7 15.
Kh2 Nd4 16. Nxd4 Bxd4 17. e3 Bg7 18. e4 dxe4 19. dxe4 Be6 20. Nc3 Rfd8 21. Bg5
h6 22. Bxe7 Qxe7 23. Nd5 Bxd5 24. exd5 Qd6 25. Qa4 Qd7 26. Qc2 Re8 27. Qd2 Qd6
28. b3 h5 29. h4 Bf6 30. Kg1 Kg7 31. a4 Rxe1+ 32. Rxe1 c4 33. bxc4 Rxc4 34. Re4
Rc5 35. Re2 a5 36. Bf3 Rc8 37. Qa2 Rc3 38. Kg2 Qd7 39. Rc2 Rxc2 1/2-1/2

[Event "2012(Zaozhuang-China) Asian Nations Chess Cup"]
[Site "ZaoZhuang, China"]
[Date "2012.05.26"]
[Round "9"]
[Board "4"]
[White "Li, Xueyi"]
[Black "Padmini, Rout"]
[Result "1/2-1/2"]
[WhiteElo "2082"]
[BlackElo "2345"]
[PlyCount "0"]
[EventDate "2012.05.17"]
[EventType "team"]
[EventRounds "9"]
[EventCountry "CHN"]
[WhiteTeam "China 3"]
[BlackTeam "India"]

1. d4 Nf6 2. c4 g6 3. Nc3 d5 4. cxd5 Nxd5 5. e4 Nxc3 6. bxc3 Bg7 7. Be3 c5 8.
Qd2 Qa5 9. Rc1 O-O 10. Nf3 Rd8 11. d5 e6 12. Bg5 f6 13. Be3 exd5 14. exd5 Nc6
15. Bc4 b5 16. dxc6+ bxc4 17. Qe2 Ba6 18. O-O Qb6 19. h4 Qxc6 20. Rfd1 Rd3 21.
Ne1 Rxd1 22. Rxd1 Rb8 23. Nf3 Bf8 24. Bf4 Re8 25. Qd2 Bc8 26. h5 g5 27. Bxg5
fxg5 28. Qxg5+ Bg7 29. Rd8 h6 30. Rxe8+ Qxe8 31. Qxc5 Be6 32. Qe3 Bf7 33. Qf4
Bxh5 34. Qxc4+ Qf7 35. Qc5 Bf8 36. Qa5 Bxf3 37. gxf3 Qg6+ 38. Kf1 Qb6 39. Qd5+
Kg7 40. c4 Qc5 41. Qd7+ Kf6 42. Qd8+ Ke5 43. Kg2 a5 44. a4 Ke6 45. Qe8+ Kf6 46.
f4 Qe7 47. Qa8 Qc5 48. Qe8 Kg7 49. Qd7+ Be7 50. f5 Qe5 51. Kf1 Kf6 52. Qc6+ Qd6
53. Qe4 Kg7 54. Qg4+ Bg5 55. Qe4 h5 56. Qb7+ Kf6 57. Qb2+ Kxf5 58. Qb5+ Kg4 59.
Qxa5 Qd3+ 60. Kg1 Qd1+ 61. Kg2 Qf3+ 62. Kg1 Bh4 63. Qe1 Kf5 64. Qa5+ Kg6 65.
Qb6+ Bf6 66. Qe3 Qd1+ 67. Kg2 Qxa4 68. Qe4+ Kg7 69. Qb7+ Kh6 70. Qd5 h4 71. Qf3
Kg6 72. Qg4+ Kf7 73. Qh5+ Kf8 74. Qh6+ Ke7 75. Qh7+ Kd6 76. Qf5 Qa1 77. Qd5+
Ke7 78. Qe4+ Kf8 79. Qf3 Qe5 80. Qa8+ Kg7 81. Qb7+ Kg6 82. Qf3 Qg5+ 83. Kh3 Qc5
84. Qe4+ Kg7 85. Qg4+ Kf7 86. Qf4 Qc8+ 87. Qg4 Qb7 88. Qh5+ Kg7 89. Qg4+ Kf8
90. Kh2 Be5+ 91. Kg1 Qb1+ 92. Kg2 Bf6 93. Qc8+ Kf7 94. Qd7+ Be7 95. Qd5+ Kg7
96. Qd4+ Bf6 97. Qg4+ Kh7 98. Qh5+ Kg7 99. Qg4+ Kh6 100. Qf4+ Kg6 101. Qg4+ Kf7
102. Qd7+ Be7 103. Qd5+ Kg7 104. Qd4+ Bf6 105. Qg4+ Kf7 1/2-1/2